000 00423nam a2200181Ia 4500
001 13983
005 20260306164841.0
008 260306t2016||||xx |||||||||||||| ||spa||
041 _aESP
082 _a005.74
_bR76 2016
100 _aRodríguez Penin, Aquilino
_eAUT
245 0 _aSistemas Scada
260 _c2016
300 _avarias paginaciones
_c
650 _aGEN
654 _aCCC
942 _cLIB
_dJUS
_fJUS
_2ddc
_n
999 _c13983
_d13983